000 00766nas a2200253Ia 4500
001 R004/66749
003 IT-RoPAU
008 151124c99999999xx |||||||||||| ||und||
040 _aIT-RoPAU
040 _cIT-RoPAU
041 _aITALIANO
100 _aMagrelli Enrico
_gCodice Aut. SPICS: 4341
210 _aCIAK
222 _aCiak
245 _aCIAK SI GIRA, ANNO 04-N.04-APRILE 1988
_bRussicum-I Giorni Del Diavolo
250 _a1a ed.
260 _aMILANO
_bBERLUSCONI SILVIO
_c1988
501 _bPaulus - SPICS - Società San Paolo EM (non-commercial uses only)
_cCopyright2015
300 _a4 p. [48-51]
362 _aANNO 004, N.04-APRILE 1988
500 _aRegia-Di-Pasquale-Squitieri
650 _aCINEMA
_vPUBBLICAZIONE PERIODICA
942 _cCR
999 _c115784
_d115784